| 000 | 00857cab a2200265 4500 | ||
|---|---|---|---|
| 001 | ABS48250 | ||
| 008 | 090401t1993 xxu||||| |||| 00| 0 eng d | ||
| 035 | _a(Sirsi) u65702 | ||
| 041 | _aeng | ||
| 100 | _aClarke, D. | ||
| 245 | _aRent reviews : report on a recessionary year | ||
| 260 | _c1993 | ||
| 350 | _a0 | ||
| 490 |
_aSolicitors` Journal _v137(8) 5 March 1993, 197-198(2) |
||
| 520 | _aSurvey of rent review cases covering time limits and notices, the length of a hypothetical lease, valuation, assumption of fitness, ground rents, arbitration and statutory renewal. | ||
| 650 | _aASSUMPTION OF FITNESS | ||
| 650 | _aCASE LAW | ||
| 650 | _aGROUND RENTS | ||
| 650 | _aHYPOTHETICAL LEASES | ||
| 650 | _aSTATUTORY RENEWAL | ||
| 650 | _aTIME LIMITS | ||
| 690 | _aLANDLORD AND TENANT-RENT REVIEWS | ||
| 942 | _n0 | ||
| 948 | _c04/03/1997 | ||
| 999 |
_c41000 _d41000 |
||